000
00314nam a22001337a 4500
008
251118b |||||||| |||| 00| 0 eng d
020
_a
8121917808
050
_a
TA545
_b
.A43
100
_a
ALAK,DE
245
_a
Plane Surveying
260
_a
New Delhi
_b
S.Chand And Company
_c
2012
300
_a
xv,664p.
942
_c
BK
999
_c
4508
_d
4508